[Event "Ptuj op"]
[Site "Ptuj"]
[Date "2018.08.12"]
[Round "6"]
[White "Podkriznik, Aleksander"]
[Black "Kuzner, Ciril"]
[Result "1-0"]
[WhiteElo "1685"]
[BlackElo "1764"]
[PlyCount "85"]
[EventDate "2018.08.07"]
[EventType "swiss"]
[EventRounds "9"]
[EventCountry "SLO"]
[SourceTitle "CBM 186 Extra"]
[Source "ChessBase"]
[SourceDate "2018.08.24"]
[SourceVersion "1"]
[SourceVersionDate "2018.08.24"]
[SourceQuality "1"]

1. e4 e5 2. Nf3 Nf6 3. Nxe5 d6 4. Nf3 Nxe4 5. d4 d5 6. Bd3 Bg4 7. 0-0 Bd6 8. c4 0-0 9. c5 Be7 10. h3 Bh5 11. g4 Bg6 12. Ne5 Nc6 13. Nxc6 bxc6 14. Nc3 Bh4 15. Bxe4 Bxe4 16. Bf4 Qd7 17. f3 Bg6 18. Kg2 f5 19. Ne2 Rae8 20. Be5 Bf6 21. Bg3 h5 22. Nf4 Bf7 23. gxh5 Bg5 24. Qd3 Bxf4 25. Bxf4 Bxh5 26. Rae1 Re7 27. Re5 Rxe5 28. Bxe5 Rf7 29. Qd2 Qd8 30. Qf4 g5 31. Qd2 Kh7 32. b3 Kg6 33. a4 Qf8 34. a5 Qb8 35. b4 Qb5 36. Re1 Qc4 37. Bh2 g4 38. Re6+ Rf6 39. Rxf6+ Kxf6 40. fxg4 fxg4 41. hxg4 Bxg4 42. Qh6+ Kf5 43. Qf4+ 1-0

[Event "Ptuj op"]
[Site "Ptuj"]
[Date "2018.08.10"]
[Round "4"]
[White "Kuzner, Ciril"]
[Black "Okroznik, Gorazd"]
[Result "1-0"]
[WhiteElo "1764"]
[BlackElo "1473"]
[PlyCount "39"]
[EventDate "2018.08.07"]
[EventType "swiss"]
[EventRounds "9"]
[EventCountry "SLO"]
[SourceTitle "CBM 186 Extra"]
[Source "ChessBase"]
[SourceDate "2018.08.24"]
[SourceVersion "1"]
[SourceVersionDate "2018.08.24"]
[SourceQuality "1"]

1. d4 e6 2. c4 Nf6 3. Nc3 d5 4. Bg5 dxc4 5. e4 Be7 6. Nf3 h6 7. Bh4 c6 8. Bxc4 Nbd7 9. 0-0 Nb6 10. Bb3 Qc7 11. Rc1 Qf4 12. Bg3 Qg4 13. h3 Qh5 14. Qd3 Qa5 15. Ne5 Nbd7 16. Nc4 Qd8 17. Nd6+ Kf8 18. d5 Ne8 19. dxe6 Nc5 20. Qf3 1-0

[Event "Maribor Pirc Memorial op 20th"]
[Site "Maribor"]
[Date "2017.06.30"]
[Round "7"]
[White "Kuzner, Ciril"]
[Black "Rozman, Roman"]
[Result "1-0"]
[WhiteElo "1801"]
[BlackElo "1614"]
[PlyCount "85"]
[EventDate "2017.06.24"]
[EventType "swiss"]
[EventRounds "9"]
[EventCountry "SLO"]
[SourceTitle "CBM 179 Extra"]
[Source "ChessBase"]
[SourceDate "2017.08.23"]
[SourceVersion "1"]
[SourceVersionDate "2017.08.23"]
[SourceQuality "1"]

1. d4 Nf6 2. c4 d5 3. Nc3 b6 4. Nf3 Bb7 5. g3 e6 6. Bg5 Be7 7. Bg2 0-0 8. cxd5 Nxd5 9. Bxe7 Qxe7 10. 0-0 Nd7 11. Rc1 c5 12. Re1 Nxc3 13. Rxc3 Rac8 14. e3 Rfd8 15. Qa4 a6 16. Rcc1 b5 17. Qa5 b4 18. Rc2 Be4 19. Rd2 cxd4 20. Red1 Nb8 21. Nxd4 Bxg2 22. Kxg2 Qb7+ 23. Kg1 Rd5 24. Qa4 Rcd8 25. Nb3 Kf8 26. Rxd5 Rxd5 27. Rxd5 exd5 28. Qa5 Ke7 29. Qc5+ Ke8 30. Nd4 g6 31. Qd6 a5 32. b3 f5 33. h4 Kf7 34. Qe6+ Kg7 35. Qe5+ Kg8 36. h5 Nd7 37. Qe6+ Kg7 38. hxg6 hxg6 39. g4 fxg4 40. Qe7+ Kg8 41. Ne6 Nc5 42. Qxc5 Qd7 43. Qf8+ 1-0

[Event "Maribor Pirc Memorial op 20th"]
[Site "Maribor"]
[Date "2017.06.27"]
[Round "4"]
[White "Herega, Nejc"]
[Black "Kuzner, Ciril"]
[Result "1-0"]
[WhiteElo "1494"]
[BlackElo "1801"]
[PlyCount "84"]
[EventDate "2017.06.24"]
[EventType "swiss"]
[EventRounds "9"]
[EventCountry "SLO"]
[SourceTitle "CBM 179 Extra"]
[Source "ChessBase"]
[SourceDate "2017.08.23"]
[SourceVersion "1"]
[SourceVersionDate "2017.08.23"]
[SourceQuality "1"]

1. d4 d5 2. c4 e6 3. Nc3 Nf6 4. cxd5 Nxd5 5. e4 Nxc3 6. bxc3 b6 7. Bd3 Be7 8. Nf3 c5 9. 0-0 Bb7 10. Be3 Nc6 11. Rb1 Qc7 12. d5 exd5 13. exd5 Ne5 14. Nxe5 Qxe5 15. Bb5+ Kf8 16. c4 h6 17. Re1 Bd6 18. g3 Qf6 19. Qe2 Kg8 20. Kg2 Bc8 21. Ba4 Bf5 22. Bc2 h5 23. Bxf5 Qxf5 24. h4 Qe4+ 25. Kg1 Re8 26. Rb2 Qf5 27. Kh2 Rh6 28. Qc2 Qf3 29. Qc3 Rg6 30. Bd4 Rxe1 31. Qxf3 cxd4 32. Re2 Rf6 33. Qd3 Rxe2 34. Qxe2 Kf8 35. Kg2 Bc5 36. f3 Rd6 37. a4 a5 38. f4 Rd8 39. Qxh5 Kg8 40. Qe5 Kf8 41. Qc7 Rd6 42. Kf1 Rg6 1-0

[Event "Ptuj op 10"]
[Site "Ptuj"]
[Date "2015.10.28"]
[Round "6"]
[White "Nikolic, Stanko"]
[Black "Kuzner, Ciril"]
[Result "0-1"]
[WhiteElo "1883"]
[BlackElo "1748"]
[PlyCount "118"]
[EventDate "2015.10.24"]
[EventType "swiss"]
[EventRounds "9"]
[EventCountry "SLO"]
[SourceTitle "CBM 169 Extra"]
[Source "ChessBase"]
[SourceDate "2015.12.18"]
[SourceVersion "1"]
[SourceVersionDate "2015.12.18"]
[SourceQuality "1"]

1. e4 e5 2. Nf3 Nf6 3. Nxe5 d6 4. Nf3 Nxe4 5. d4 d5 6. Bd3 Bg4 7. 0-0 Bd6 8. c4 0-0 9. cxd5 f5 10. Nc3 Re8 11. h3 Bh5 12. Be2 Nd7 13. Nb5 Ndf6 14. Nxd6 Qxd6 15. Bb5 Re7 16. Qb3 a6 17. Bd3 Kh8 18. Qxb7 Ree8 19. Ne5 Nxd5 20. Qc6 Nb4 21. Qxd6 cxd6 22. Bxe4 fxe4 23. Ng4 Bxg4 24. hxg4 Nc2 25. Rb1 Nxd4 26. Be3 Nc2 27. Bf4 d5 28. Rbc1 Rac8 29. Rfd1 Nb4 30. Rxc8 Rxc8 31. a3 Nd3 32. Be3 Kg8 33. Bd4 Rc1 34. Rxc1 Nxc1 35. Kf1 Kf7 36. f3 g6 37. Kf2 Ke6 38. Ke3 exf3 39. gxf3 Nb3 40. Bb6 h5 41. gxh5 gxh5 42. Kd3 Kd6 43. Bf2 a5 44. Bg3+ Ke6 45. Bf2 a4 46. Kc2 d4 47. Kd3 Kd5 48. Bh4 Nc5+ 49. Kd2 Ne6 50. Bf6 Kc4 51. Be5 Kd5 52. Bf6 Nf4 53. Bd8 Kc4 54. Bc7 Ne6 55. Bb8 h4 56. f4 Nc5 57. f5 Kd5 58. Bc7 Ne4+ 59. Ke2 Ng3+ 0-1

[Event "Ptuj op"]
[Site "Ptuj"]
[Date "2015.08.10"]
[Round "8"]
[White "Zagorsek, David"]
[Black "Kuzner, Ciril"]
[Result "1-0"]
[WhiteElo "1956"]
[BlackElo "1780"]
[PlyCount "73"]
[EventDate "2015.08.03"]
[EventType "swiss"]
[EventRounds "9"]
[EventCountry "SLO"]
[SourceTitle "CBM 167 Extra"]
[Source "ChessBase"]
[SourceDate "2015.09.14"]
[SourceVersion "1"]
[SourceVersionDate "2015.09.14"]
[SourceQuality "1"]

1. e4 e5 2. Nf3 Nf6 3. d4 Nxe4 4. Bd3 d5 5. dxe5 Be7 6. 0-0 0-0 7. c4 Bg4 8. h3 Bh5 9. Be2 c6 10. Bf4 Na6 11. cxd5 cxd5 12. Nbd2 Bc5 13. Nb3 Bb6 14. Nfd4 Bxe2 15. Qxe2 Nac5 16. Nxc5 Bxc5 17. Nf5 Qb6 18. Be3 Rfe8 19. Bxc5 Qxc5 20. Qg4 g6 21. Nh6+ Kg7 22. Qf4 Re7 23. Kh2 Qb6 24. f3 Nc5 25. Ng4 Nd7 26. Rad1 Qe6 27. Qh6+ Kg8 28. Rfe1 Rae8 29. f4 Qf5 30. Rxd5 g5 31. Rxd7 Qxf4+ 32. Kh1 Re6 33. Qh5 Rg6 34. Red1 Kg7 35. Nf6 Rxe5 36. Qxh7+ Kxf6 37. Qxf7# 1-0

[Event "Ptuj op"]
[Site "Ptuj"]
[Date "2014.08.22"]
[Round "9"]
[White "Kuzner, Ciril"]
[Black "Bohak, Janko"]
[Result "0-1"]
[WhiteElo "1773"]
[BlackElo "2016"]
[PlyCount "55"]
[EventDate "2014.08.15"]
[EventType "swiss"]
[EventRounds "9"]
[EventCountry "SLO"]
[SourceTitle "CBM 161 Extra"]
[Source "ChessBase"]
[SourceDate "2014.08.29"]
[SourceVersion "1"]
[SourceVersionDate "2014.08.29"]
[SourceQuality "1"]

1. d4 f5 2. c4 Nf6 3. Nf3 e6 4. Nc3 b6 5. g3 Bb7 6. Bg2 Be7 7. 0-0 0-0 8. d5 exd5 9. cxd5 Na6 10. a3 Nc5 11. Bf4 Nce4 12. Ne5 Nd6 13. Rc1 Nh5 14. e3 Nxf4 15. exf4 Bf6 16. Qb3 a6 17. Ne2 Re8 18. Qe3 Rc8 19. Rfe1 g6 20. Nd4 Re7 21. Re2 Qe8 22. Rce1 Nf7 23. Qb3 Nd6 24. Re3 Qf8 25. Nxd7 Rxd7 26. Ne6 Qf7 27. Rc3 Bxc3 28. bxc3 0-1

[Event "Ptuj op"]
[Site "Ptuj"]
[Date "2014.08.15"]
[Round "1"]
[White "Lipovsek, Miran"]
[Black "Kuzner, Ciril"]
[Result "0-1"]
[WhiteElo "2032"]
[BlackElo "1773"]
[PlyCount "98"]
[EventDate "2014.08.15"]
[EventType "swiss"]
[EventRounds "9"]
[EventCountry "SLO"]
[SourceTitle "CBM 161 Extra"]
[Source "ChessBase"]
[SourceDate "2014.08.29"]
[SourceVersion "1"]
[SourceVersionDate "2014.08.29"]
[SourceQuality "1"]

1. e4 e5 2. Nf3 Nf6 3. Nc3 Bb4 4. Nd5 Nxd5 5. exd5 0-0 6. c3 Bc5 7. d4 exd4 8. Nxd4 Re8+ 9. Be2 Qe7 10. Be3 d6 11. 0-0 Nd7 12. Bb5 a6 13. Ba4 b5 14. Bc2 Ne5 15. Bf4 Bd7 16. b3 Qf6 17. Qd2 h6 18. Rae1 Re7 19. Bxe5 dxe5 20. Nc6 Bxc6 21. dxc6 Qxc6 22. Be4 Qe8 23. Qd5 Bxf2+ 24. Rxf2 Rd8 25. Qc5 Rd6 26. c4 g6 27. cxb5 axb5 28. g4 Qd7 29. Rg2 Re8 30. Bf3 e4 31. Be2 c6 32. Rc1 Ra8 33. a3 Rd8 34. a4 bxa4 35. bxa4 Rd4 36. a5 e3 37. h3 Rd5 38. Qc3 Qa7 39. a6 Rd1+ 40. Kh2 Qc7+ 41. Rg3 R8d2 42. Qxe3 Rxe2+ 43. Qxe2 Rxc1 44. Qd3 c5 45. Kg2 Ra1 46. Qe2 Qc6+ 47. Rf3 Rxa6 48. h4 Ra3 49. Kf2 Rxf3+ 0-1

[Event "Ptuj op 01"]
[Site "Ptuj"]
[Date "2014.01.25"]
[Round "8"]
[White "Kuzner, Ciril"]
[Black "Kolaric, Anka"]
[Result "1-0"]
[WhiteElo "1789"]
[BlackElo "1500"]
[PlyCount "61"]
[EventDate "2014.01.17"]
[EventType "swiss"]
[EventRounds "9"]
[EventCountry "SLO"]
[SourceTitle "EXT 2016"]
[Source "ChessBase"]
[SourceDate "2015.10.08"]
[SourceVersion "1"]
[SourceVersionDate "2015.10.08"]
[SourceQuality "1"]

1. d4 b6 2. e4 Bb7 3. Nc3 e6 4. Nf3 h6 5. a3 Nf6 6. Bd3 d5 7. e5 Ne4 8. Qe2 Nxc3 9. bxc3 c5 10. Qd2 c4 11. Be2 Be7 12. 0-0 Qd7 13. Ne1 Bg5 14. f4 Be7 15. Bg4 h5 16. Bh3 g6 17. Nf3 Qd8 18. Qe2 Nd7 19. Bd2 b5 20. a4 a6 21. Rfb1 Nf8 22. axb5 axb5 23. Rxa8 Qxa8 24. Rxb5 Qa1+ 25. Qe1 Qa4 26. Rxb7 Qxc2 27. Qb1 Qd3 28. Qb5+ Nd7 29. Qxd7+ Kf8 30. Qxe7+ Kg7 31. Qxf7+ 1-0

[Event "Ptuj op 01"]
[Site "Ptuj"]
[Date "2014.01.23"]
[Round "5"]
[White "Kuzner, Ciril"]
[Black "Selisek, Leon"]
[Result "1-0"]
[WhiteElo "1789"]
[BlackElo "1592"]
[PlyCount "45"]
[EventDate "2014.01.17"]
[EventType "swiss"]
[EventRounds "9"]
[EventCountry "SLO"]
[SourceTitle "EXT 2016"]
[Source "ChessBase"]
[SourceDate "2015.10.08"]
[SourceVersion "1"]
[SourceVersionDate "2015.10.08"]
[SourceQuality "1"]

1. d4 d5 2. c4 dxc4 3. Nc3 c6 4. e4 e5 5. dxe5 Qxd1+ 6. Nxd1 Be6 7. f4 g6 8. Ne3 Bb4+ 9. Bd2 Bxd2+ 10. Kxd2 b5 11. Nf3 Na6 12. Nc2 0-0-0+ 13. Ke3 Kb7 14. Ncd4 Nb4 15. a3 Nd3 16. Bxd3 cxd3 17. Nxe6 fxe6 18. Rad1 Nh6 19. h3 c5 20. Rxd3 Nf7 21. Rhd1 a5 22. R1d2 h6 23. Rd7+ 1-0

[Event "Ptuj op 01"]
[Site "Ptuj"]
[Date "2014.01.17"]
[Round "1"]
[White "Vidovic, Bojan"]
[Black "Kuzner, Ciril"]
[Result "1/2-1/2"]
[WhiteElo "1627"]
[BlackElo "1789"]
[PlyCount "108"]
[EventDate "2014.01.17"]
[EventType "swiss"]
[EventRounds "9"]
[EventCountry "SLO"]
[SourceTitle "EXT 2016"]
[Source "ChessBase"]
[SourceDate "2015.10.08"]
[SourceVersion "1"]
[SourceVersionDate "2015.10.08"]
[SourceQuality "1"]

1. e4 e5 2. Nf3 Nf6 3. Nc3 Nc6 4. d4 exd4 5. Nxd4 Bc5 6. Nxc6 bxc6 7. e5 Qe7 8. Qe2 Nd5 9. Nxd5 cxd5 10. c3 a5 11. f4 0-0 12. Be3 Re8 13. 0-0-0 c6 14. Qf2 Bxe3+ 15. Qxe3 d6 16. Qb6 Bd7 17. exd6 Qxd6 18. Qf2 Bg4 19. Rd2 Bf5 20. Bd3 Bxd3 21. Rxd3 Re4 22. g3 Rae8 23. Qc2 Qc5 24. Rhd1 g6 25. Rd4 Re2 26. R4d2 Qf2 27. Qa4 Qc5 28. Qc2 Qe3 29. Qa4 Rxd2 30. Rxd2 Qb6 31. Qd4 Qb5 32. Kc2 a4 33. Qd3 Qb6 34. Qd4 Qa6 35. Qd3 Qb7 36. Qd4 Re4 37. Qf6 Qb5 38. f5 Qf1 39. Qxc6 Qxf5 40. Qxd5 Re5+ 41. Qd3 Qe6 42. c4 h5 43. b3 Re3 44. Qd5 axb3+ 45. axb3 Qa6 46. Qd8+ Kh7 47. Qd4 Rf3 48. Kb2 Rf1 49. Rd1 Rf5 50. Ra1 Qe6 51. Ra8 Qe2+ 52. Ka3 Re5 53. Qf4 Kg7 54. Qd4 Kh7 1/2-1/2

[Event "Ptuj op 7th"]
[Site "Ptuj"]
[Date "2012.12.23"]
[Round "2"]
[White "Spelec, Darko"]
[Black "Kuzner, Ciril"]
[Result "1/2-1/2"]
[WhiteElo "2066"]
[BlackElo "1817"]
[PlyCount "53"]
[EventDate "2012.12.22"]
[EventType "swiss"]
[EventRounds "9"]
[EventCountry "SLO"]
[SourceTitle "CBM 152 Extra"]
[Source "ChessBase"]
[SourceDate "2013.02.25"]
[SourceVersion "1"]
[SourceVersionDate "2013.02.25"]
[SourceQuality "1"]

1. d4 d5 2. Nf3 Nf6 3. c4 c6 4. e3 Bg4 5. Qb3 Qb6 6. c5 Qxb3 7. axb3 Nbd7 8. b4 Bxf3 9. gxf3 e5 10. b5 g6 11. bxc6 bxc6 12. Nc3 Bh6 13. b4 0-0 14. b5 Rfc8 15. bxc6 Rxc6 16. Bb5 Rc7 17. 0-0 exd4 18. exd4 Bxc1 19. Rfxc1 Nf8 20. Ra6 Ne6 21. Rd1 Kg7 22. Bc6 Rac8 23. Ba4 Rb8 24. Nb5 Rcb7 25. Nd6 Rc7 26. Nb5 Rcb7 27. Nd6 1/2-1/2

[Event "SLO-ch qual"]
[Site "Ptuj"]
[Date "2012.05.26"]
[Round "3"]
[White "Kuzner, Ciril"]
[Black "Jukan, Nesib"]
[Result "0-1"]
[WhiteElo "1844"]
[BlackElo "1980"]
[PlyCount "98"]
[EventDate "2012.05.24"]
[EventType "swiss"]
[EventRounds "9"]
[EventCountry "SLO"]
[SourceTitle "EXT 2019"]
[Source "ChessBase"]
[SourceDate "2018.10.10"]
[SourceVersion "1"]
[SourceVersionDate "2018.10.10"]
[SourceQuality "1"]

1. d4 Nf6 2. c4 e6 3. Nf3 b6 4. g3 Bb7 5. Bg2 d5 6. 0-0 c5 7. Nc3 Nbd7 8. cxd5 Nxd5 9. Re1 Be7 10. e4 Nxc3 11. bxc3 cxd4 12. cxd4 0-0 13. Bb2 Rc8 14. Qe2 Bb4 15. Rec1 Qe7 16. h4 Ba3 17. Ng5 h6 18. Nh3 Qb4 19. Bxa3 Qxa3 20. Qd2 Nf6 21. Re1 Rc3 22. Nf4 Rfc8 23. e5 Nd5 24. Nxd5 Bxd5 25. Bxd5 exd5 26. Qf4 Rf3 27. Qg4 Rc2 28. Rf1 Qc3 29. Kg2 Re3 30. Rac1 Rxg3+ 31. Qxg3 Rxc1 32. Rxc1 Qxc1 33. Qb3 Qc6 34. Qb4 Qg6+ 35. Kf1 Qd3+ 36. Ke1 Qe4+ 37. Kd2 Qxh4 38. f3 Qf2+ 39. Kc1 Qxa2 40. Qc3 Qc4 41. Qxc4 dxc4 42. f4 g6 43. Kc2 h5 44. d5 Kf8 45. Kc3 b5 46. Kb4 h4 47. Kc5 c3 48. Kd6 c2 49. Kd7 c1Q 0-1

[Event "SLO-ch qual"]
[Site "Ptuj"]
[Date "2012.05.26"]
[Round "5"]
[White "Kuzner, Ciril"]
[Black "Peric, Bernard"]
[Result "0-1"]
[WhiteElo "1844"]
[BlackElo "2037"]
[PlyCount "60"]
[EventDate "2012.05.24"]
[EventType "swiss"]
[EventRounds "9"]
[EventCountry "SLO"]
[SourceTitle "EXT 2019"]
[Source "ChessBase"]
[SourceDate "2018.10.10"]
[SourceVersion "1"]
[SourceVersionDate "2018.10.10"]
[SourceQuality "1"]

1. d4 d5 2. c4 e5 3. dxe5 d4 4. Nf3 Nc6 5. g3 Nge7 6. Bg2 Ng6 7. 0-0 Be7 8. Nbd2 Ngxe5 9. Nb3 Nxf3+ 10. Bxf3 Bf6 11. Qc2 Ne5 12. Rd1 d3 13. Qd2 0-0 14. Be4 Nxc4 15. Qe1 Qe8 16. Bxd3 Nxb2 17. Bxb2 Bxb2 18. Rab1 Bf6 19. Qb4 g6 20. Nd2 Qe7 21. Qb3 b6 22. Be4 Be6 23. Qa4 Rad8 24. Qxa7 Bg4 25. f3 Qc5+ 26. Kg2 Qe3 27. fxg4 Rxd2 28. Rxd2 Qxe4+ 29. Kh3 Qxb1 30. Qxc7 Qf1# 0-1

[Event "SLO-ch qual"]
[Site "Ptuj"]
[Date "2012.05.25"]
[Round "2"]
[White "Markoja, Boris"]
[Black "Kuzner, Ciril"]
[Result "1-0"]
[WhiteElo "2056"]
[BlackElo "1844"]
[PlyCount "21"]
[EventDate "2012.05.24"]
[EventType "swiss"]
[EventRounds "9"]
[EventCountry "SLO"]
[SourceTitle "EXT 2019"]
[Source "ChessBase"]
[SourceDate "2018.10.10"]
[SourceVersion "1"]
[SourceVersionDate "2018.10.10"]
[SourceQuality "1"]

1. e4 e5 2. Nf3 Nf6 3. d4 Nxe4 4. Bd3 d5 5. dxe5 Nc6 6. 0-0 Bg4 7. Nc3 Nxe5 8. Bxe4 dxe4 9. Qxd8+ Rxd8 10. Nxe5 Bf5 11. Bf4 1-0